000 00381nam a2200145Ia 4500
008 210210b2003 xxu||||| |||| 00| 0 eng d
082 _a581.95487 BHAF
100 _aBHAT (Gopalakrishna K).
245 _aFlora of udupi.
260 _aUdupi.
_bIndian Naturalist.,
_c2003
300 _a913
650 _aFlora Plants Udupi Dakshina Kannada
690 _aBotany
906 _a058147
999 _c105431
_d105431